000 00333nam a2200121Ia 4500
008 190216s9999||||xx |||||||||||||| ||und||
100 _aRatnam P V & Lalitha P
245 0 _aFinancial Management And Management Accountancy
260 _bCalicut University Publications
_c1996
300 _a1296p
650 _aCommerce
942 _cBK
999 _c5640
_d5640